عرض عادي
عرض مارك
- Machado, Carlos A. G.
مدخل إسم شخص
001 - رقم الضبط
- حقل الضبط: 45835
003 - معرف رقم الضبط
- حقل الضبط: OSt
005 - تاريخ ووقت أخر عملية
- حقل الضبط: 20140622150906.0
008 - عناصر بيانات ثابتة الطول
- حقل تحكم ثابت الطول: 140622|||a|||||| | ||| d
040 ## - مصدر الفهرسة
- هيئة الفهرسة الأصلية: OSt
- وكالة الكتابة: OSt
100 ## - مدخل -- أسم شخص
- إسم شخص: Machado, Carlos A. G.
670 ## - بيانات المصدر موجوده
- الاستشهاد بالمصدر: Work cat.: (OSt)0: Cochard, Larry R. 45832, Netter's atlas of human embryology, 2012.
